000 01551nam0a22003371 4500
001 RU\NLR\BIBL_A\011196177
005 20250625214701.0
010 _a978-5-94962-291-9
021 _aRU
_b2016-59421
_93770
035 _a(NILC)LIBNET\0000619726
035 _a(NLR Aleph) 011196177
090 _a11893979
_c11893979
100 _a20160816d2016 |||y0rusy50 ca
101 0 _arus
_achi
102 _aRU
105 _ay||||||||||||
200 1 _aПишем по-китайски
_eСборник упражнений для начального этапа обучения письменной речи
_fМ.А. Спис
210 _aСанкт-Петербург
_cАнтология
_d2016
215 _a208 с.
_cил.
333 _a6+
606 1 _aКитайский язык
_jУчебно-методические пособия
_91333944
_3RU\NLR\AUTH\66555196
610 1 _aФилологические науки. Художественная литература
_aЯзыкознание
_aЯзыки мира в целом
_aСино-тибетские (китайско-тибетские) языки
_aКитайский язык
_aУчебно-методические пособия
686 _a81.711я79
_vLBC/M
_2rubbk
700 1 _aСпис
_bМ. А.
_gМария Анатольевна
801 0 _aRU
_bАстраханская ОНБ
_c20151222
_grcr
801 1 _aRU
_bАстраханская ОНБ
_c20151222
_2rusmarc
852 _aNLR
_bОЛСАА-кит.
_j3-4585
942 _cBOOK
980 _aNB
980 1 _aCHIN